000 00526ntaaa2200205 4500
003 01
005 20251027203253.0
008 0714s1973 ag 01
020 _a9789872519513
040 _aAR-BaBN
_bspa
_cAR-BaBN
_eaacr
_dRIC
082 _a230.3 R52
100 _aRivas, Luis H.
_935556
245 _aDiccionario para el estudio de la Biblia /
_cLuis H. Rivas
250 _a1ยช ed.
260 _aBuenos Aires :
_bAMICO,
_c2010
300 _a200 p.
650 _aDICCIONARIO
_97009
650 _aBIBLIA
_9468
942 _cBK
999 _c28180
_d28180